Quizzes
Events
Quiz Creation
Community
Videos
Private Events
Remove Ads
Sign In
Join for FREE
Feedback
Dark Mode
Quiz Categories
Sports
Geography
Music
Movies
Television
Just For Fun
Miscellaneous
History
Literature
Language
Science
Gaming
Entertainment
Religion
Holiday
For Kids
Quiz Lab
Recent
Popular Today
Quiz Kudos Today
Editor Picks
Curator Picks
Quizzes by...
Day
Popularity
Type
Ratings
Length
Year
Community
Subscriptions
Recent Discussions
Orange Saloon
Badges
Playlists
Quests
Create
Leaderboards
Showdown
Live 5
Trivia Bingo
Activity
Puzzle Library
Sporcle Events
Private Events
Virtual Trivia
Globe League
Become a Host
Pub Owners
SporcleCon
Opinionation
Our Games
Videos
Blog
Mobile Apps
Partnerships
Remove Ads and Go Orange
Feedback
Sports
Athletes
MLB
NBA
NHL
NFL
Soccer
Sports Teams
WWE
NCAA
Football
Premier League
Basketball
Baseball
Hockey
Golf
Tennis
Cricket
Rugby
Auto Racing
Olympics
World Cup
Sports
Athletes
MLB
NBA
NHL
NFL
Soccer
Sports Teams
WWE
NCAA
Football
Premier League
Basketball
Baseball
Hockey
Golf
Tennis
Cricket
Rugby
Auto Racing
Olympics
World Cup
Random Quiz
Search Sporcle
×
Quiz Lab
Quiz Lab
Sports
Football
Type in answers that appear in a list
Type in answers that appear in a list
Classic
Best Score? Go Orange.
TCU football all-time victims Stats
Can you name the schools that have ever lost to TCU in football?
By
KiAldrich
15m
117 Questions
307 Plays
307 Plays
307 Plays
Comments
Comments
Give Quiz Kudos
Give Quiz Kudos
-
- Ratings
hide this ad
Replay
Link that replays current quiz
Next Quiz
Link to next quiz in quiz playlist
You Got
0%
They Got
Avg Score
42%
Avg Friend Score
Upgrade to see
Score Distribution
Jump to the score distribution portion of the page
Score
0/117
Timer
15:00
0
Plays Today
# of wins
School
% Correct
20
Texas
99.3%
50
Baylor
92.8%
44
SMU
91.5%
4
Oklahoma
90.2%
23
Texas Tech
88.9%
9
Oklahoma State
84.3%
29
Texas A&M
83.9%
16
Kansas
83%
3
Kansas State
80.7%
1
Boise State
79.3%
24
Arkansas
78.4%
12
Houston
78.4%
3
Alabama
76.7%
2
LSU
76.7%
1
Oregon
76.7%
7
Colorado State
75.7%
1
Iowa
75.7%
3
Southern Cal
74.8%
41
Rice
73.8%
1
Ohio State
72.8%
2
Florida State
72.5%
6
UT-Arlington
72.1%
1
UCLA
71.8%
7
Air Force
69.5%
1
Mississippi
68.5%
1
Arizona
67.5%
6
San Diego State
66.6%
1
Nebraska
66.2%
3
Miami (Florida)
65.9%
3
UTEP
63.3%
8
UNLV
62.6%
1
Washington State
62.6%
1
Virginia
62%
2
Navy
59.7%
1
Missouri
59.7%
6
Army
59.7%
3
Iowa State
59%
2
Stanford
59%
2
Utah State
58%
# of wins
School
% Correct
2
Clemson
57.7%
3
Utah
56.1%
5
BYU
56.1%
7
Colorado State
56.1%
14
Tulsa
54.1%
4
Indiana
53.4%
8
Tulane
53.4%
1
Idaho
53.4%
1
Nevada
53.4%
16
North Texas
53.1%
9
New Mexico
53.1%
7
Air Force
52.5%
1
Wisconsin
52.1%
3
Louisville
50.8%
5
Wyoming
50.8%
2
Hawaii
50.5%
3
Northwestern
49.2%
1
Syracuse
49.2%
2
Fresno State
48.5%
3
Vanderbilt
46.9%
1
Texas State
46.9%
2
Arkansas State
46.6%
4
Southern Miss
46.2%
1
Memphis
45.9%
1
Penn State
44.9%
1
Boston College
44.6%
1
Pittsburgh
44.3%
1
San Jose State
43.9%
1
South Florida
42.6%
1
Oregon State
41.3%
1
Cincinnati
40.7%
1
East Carolina
36.4%
1
Wake Forest
34.1%
1
UAB
33.1%
1
Stephen F. Austin
31.8%
1
Northern Illinois
30.2%
1
Bowling Green
27.9%
1
Temple
25.6%
1
Ball State
24.6%
# of wins
School
% Correct
1
North Dakota
22.3%
1
Tennessee Tech
17.4%
1
Dallas University
16.7%
1
East Dallas
16.7%
1
Carnegie Tech
14.8%
2
Abilene Christian
13.1%
18
Austin College
12.1%
1
West Texas State
12.1%
1
UC-Davis
11.8%
9
Hardin-Simmons
11.1%
16
Trinity
10.2%
2
Fort Worth University
9.2%
1
Fort Worth Central High School
9.2%
4
Marquette
8.9%
7
Southwestern
8.2%
8
Centenary
6.6%
2
Loyola-New Orleans
4.9%
4
East Texas State
4.3%
3
Santa Clara
3.9%
11
Daniel Baker
3.3%
2
Deaf & Dumb Institute
3.3%
6
Howard Payne
3%
2
Toby's Business College
1.3%
1
Phillips
1.3%
1
Southeast Oklahoma
1.3%
1
Texas Military
1.3%
1
Taylor
1%
1
111th Ambulance
1%
2
Southwest Oklahoma
0.7%
1
Chatham Air Force Base
0.7%
1
Pensacola NAS
0.3%
1
South Plains AAF
0.3%
3
Polytechnic
0%
2
Meridian
0%
2
Missouri Osteopaths
0%
1
Britten Training School
0%
1
Burleson College
0%
1
First Texas Artillery
0%
1
Oklahoma School of Mines
0%
Quiz Playlist
Details
Report
Send in Message
Add To Playlist
Classic:
Type in answers that appear in a list
Last Updated: Feb 16, 2017
Quiz Scoreboard
CHALLENGE
Sign Up to Join the Scoreboard
Show All
Scores
Hide
Comments
May contain spoilers
Recently Published
Pick 6: Fruits
by JohnFran
Miscellaneous
15s
Click the 1999 NBA Draft
by nibperrychub
Sports
2m
Alphabetical 'K' Countries by Flag Minefield
by ylime102
Geography
3m
More to Explore
Quiz From the Vault
Featured Blog Post
15 Basketball Trivia Facts You Can Be March Mad About
hide this ad
You Might Also Like...
Tags
Football Quiz
Ever
last
school
tcu
Victim
Win
Today's Top Quizzes in Sports
Browse Sports
hide this ad
Today's Top Quizzes in Football
Browse Football
Top Contributed Quizzes in Sports
1
Les joueurs à 100 buts en Ligue 1 Uber Eats
2
Pick 6: NFL Teams
3
2022 World Cup Stars
4
MLB 2 truths and a lie: Hall of Fame pitchers
5
Millionaire: NBA Finals Edition
6
Pick 6: Minor League Baseball
7
Criteria MLB: Left Handed Sluggers
8
Click the 1998 NBA Draft
9
Pick 6: Olympics
10
Don't Strike Out: 3000 Strikeouts
Explore More
Trending Topics
NBA
Marvel
Disney
Anime
Crossword
Kpop
Harry Potter
The Office
Soccer
Country
Pokémon
Song
WWE
NFL
Puzzle
hide this ad
More By:
KiAldrich
Quiz
Plays
Rating
Category
Featured
Created
TCU football all-time victims
307
3.67
Sports
Jul 30, 2010
BCS Conference but no BCS Bowls
292
4.14
Sports
Jun 16, 2010
BCS and CWS in same school year
284
5.00
Sports
Jun 15, 2010
TCU Bowl Opponents
280
3.20
Sports
Jun 2, 2010
Andy Dalton's college TD passes
265
1.00
Sports
Mar 17, 2011
Go to Creator's Profile
Score Distribution
Quiz Creator Spotlight
KiAldrich
Follow
Send a Message
Quizzes Created
-
Created Quiz Play Count
-
More By This Creator
Popular Quizzes Today
1
Countries of Asia Without Outlines Minefield
2
Find the US States - No Outlines Minefield
3
Pick 6: Fruits
4
Alphabetical 'K' Countries by Flag Minefield
5
The Countries of the World
6
Find the US States
7
Find the Countries of Europe - No Outlines Minefield
8
US States
More Sports Quizzes
Los Angeles Lakers Crossword
Quiz Lab
Trending Quizzes
Pick 6: Mountains
Pick 6: Harry Potter
Pick 6: Flags
Pick 6: NFL Teams
Pick 6: Movie Franchises
Recently Updated
NWSL Teams
pecheneg
Women's Final Four Teams by Year
bhenderson79
Presidents Quartet II
eogle
Anything But Clue(do)
eogle
Anything But Oceanian Capitals
eogle
Anything But 7
eogle
Anything But Thing
eogle
Word Ladder: February 29
pecheneg
Song Title Questions
pecheneg
Women's NCAA Tournament #1 Seeds
pecheneg
Trending Topics
Crossword
Kpop
Anime
Harry Potter
NBA
Disney
Marvel
Country
Puzzle
WWE
Soccer
Pokémon
The Office
NFL
Song
Your Account Isn't Verified!
In order to create a playlist on Sporcle, you need to verify the email address you used during registration. Go to your
Sporcle Settings
to finish the process.
Report this User
Report this user for behavior that violates our
Community Guidelines
.
Details:
Send Report
Go to the Sporcle.com Mobile Site →
Comments